00340nam a2200109Ia 4500008004000000020001600040082001300056100005600069245006100125260003100186300001300217210210b1971 xxu||||| |||| 00| 0 eng d a06 042911 9 a301 HORS aHOROWITZ (Irving Louis) & STRONG (Mary Symons), Ed. aSociological realities: a guide to the study of society. aLondonbHarper & Rowc1971 aviii,550